000 02417nam a22003375i 4500
001 24198813
003 AUA.1
005 20260309103952.0
008 250510s2025 cau 000 0 eng
010 _a 2025938594
020 _a9781529687521
_q(hardcover)
020 _z9781036204877
_q(epub)
020 _z9781036202811
_q(pdf)
035 _a24198813
040 _aDLC
_beng
_erda
_cDLC
042 _apcc
050 _aLB1028.38
_b.S34 2025
245 0 4 _aThe sage handbook of higher education instructional design /
_cSafary Wa-Mbaleka, Baiyun Chen, Gianina-Estera Petre, Aimee deNoyelles (editors).
260 _aLondon, UK :
_bSage,
_cc2025.
300 _axxxiv, 767 pages :
_billustrations,
_c25 cm.
520 _a"With contributions from leading experts and emerging voices in the field, The Sage Handbook of Higher Education Instructional Design is an indispensable resource for anyone engaged in the evolving practice of instructional design in higher education. This handbook explores innovative applications and provides comprehensive guidance on integrating instructional design principles across diverse educational contexts. It highlights how design innovations can address the unique challenges of higher education and contribute to enhancing learning experiences. This handbook is essential for instructional designers, team leaders, university students, online education leaders, researchers, faculty, and support personnel. It covers a wide range of institutions and program formats, including online, face-to-face, blended, and hybrid environments. By focusing on the practicalities of instructional design, this handbook prepares educators and designers to adapt to the dynamic conditions of modern higher education. Whether you are directly involved in instructional design or seeking to understand its impact on higher education, this handbook offers valuable insights and practical guidance to navigate and excel in this evolving field"--
650 _aInstructional systems
_xDesign
650 _aEducation, Higher
700 1 _aWa-Mbaleka, Safary,
_eeditor.
700 1 _aChen, Baiyun,
_eeditor.
700 1 _aPetre, Gianina-Estera,
_eeditor.
700 1 _adeNoyelles, Aimee,
_eeditor.
906 _a0
_bibc
_corignew
_d2
_eepcn
_f20
_gy-gencatlg
942 _2lcc
_cBOOK
_hLB 1028.38
_i.S34 2025
999 _c25317
_d25317